00471nam a22001452 4500001001100000005001700011008004100028020002600069040001500095100003500110245007400145260004800219300001600267650004200283000000853220151021151114.0080421s xx 000 0 eng d a8120323033 :cKES 890 aKABUcKABU1 aMouhammed, Adil H.@000015916910aQuantitative methods for business and economics /cAdil H. Mouhammed. aNew Delhi :bPrentice-Hall of India,c2000. axi, 377 p. 0aEconomics, Mathematicals.@0000159170